000 00340 a2200157 4500
001 64211
020 _a
040 _cAnchieta - Pituba
100 _aGouveia, Luis Augusto C.
240 1 0 _aAsas da imaginação
_lpor
245 1 0 _aAsas da imaginação
300 _a111
362 0 _a2002
650 4 _aLiteratura juvenil
942 _cBK
999 _c64211
_d64211